[Event "GRE-ch (Women) 44th"]
[Site "Athens"]
[Date "2022.12.11"]
[Round "11"]
[White "Androni, Konstantina"]
[Black "Delis, Georgios"]
[Result "0-1"]
[WhiteElo "1964"]
[BlackElo "1718"]
[PlyCount "102"]
[EventDate "2022.12.03"]
[EventType "tourn"]
[EventRounds "11"]
[EventCountry "GRE"]
[SourceTitle "CBM 211 Extra"]
[Source "ChessBase"]
[SourceDate "2023.01.31"]
[SourceVersion "1"]
[SourceVersionDate "2023.01.31"]
[SourceQuality "1"]

1. d4 d5 2. Nf3 Nf6 3. c4 c6 4. e3 e6 5. Nc3 Nbd7 6. Be2 Bd6 7. 0-0 0-0 8. b3 b6 9. Bb2 Bb7 10. Bd3 c5 11. Rc1 Rc8 12. Qe2 Re8 13. e4 cxd4 14. Nxd4 Nc5 15. Bb1 Nfxe4 16. Rfd1 Qh4 17. Nf3 Nxc3 18. Rxc3 Qh5 19. h3 Bb8 20. Re3 Bf4 21. Rc3 dxc4 22. Rxc4 Ba6 23. Rxc5 Bxe2 24. Rxh5 g6 25. Rd4 Bc1 26. Ba1 gxh5 27. Kh2 Bxf3 28. gxf3 Bg5 29. Rd1 Rc1 30. Rxc1 Bxc1 31. Kg3 Bh6 32. Kh4 Bg7 33. Bxg7 Kxg7 34. Kxh5 Rd8 35. Be4 f5 36. Bc6 Rd6 37. Bb5 Rd2 38. Bc4 e5 39. Kg5 Rxa2 40. Kxf5 Rxf2 41. Bd5 Rh2 42. Kxe5 Rxh3 43. f4 Re3+ 44. Kf5 h6 45. Bc4 b5 46. Bxb5 Rxb3 47. Bc4 Re3 48. Ba6 Re1 49. Kg4 Kf6 50. Bb7 a5 51. Kh5 Re2 0-1

[Event "GRE-ch (Women) 44th"]
[Site "Athens"]
[Date "2022.12.09"]
[Round "9"]
[White "Makropoulou, Marina"]
[Black "Delis, Georgios"]
[Result "1-0"]
[WhiteElo "2130"]
[BlackElo "1718"]
[PlyCount "61"]
[EventDate "2022.12.03"]
[EventType "tourn"]
[EventRounds "11"]
[EventCountry "GRE"]
[SourceTitle "CBM 211 Extra"]
[Source "ChessBase"]
[SourceDate "2023.01.31"]
[SourceVersion "1"]
[SourceVersionDate "2023.01.31"]
[SourceQuality "1"]

1. e4 c5 2. Nf3 e6 3. d4 cxd4 4. Nxd4 Nc6 5. Nc3 Qc7 6. Be2 a6 7. 0-0 Nf6 8. Be3 Be7 9. f4 Nxd4 10. Bxd4 d6 11. Qd3 0-0 12. Qg3 Ne8 13. Kh1 b5 14. a3 Bb7 15. Bd3 f6 16. Qh3 Qc8 17. Be3 Nc7 18. Rad1 e5 19. Qg3 Kh8 20. Be2 Qe8 21. Qh3 Qf7 22. Bg4 Bc8 23. f5 Bb7 24. Bh5 Qg8 25. Bg6 Rfd8 26. Rf3 d5 27. Qh5 Bc6 28. Rh3 Be8 29. exd5 Bxg6 30. fxg6 Bf8 31. gxh7 1-0

[Event "GRE-ch (Women) 44th"]
[Site "Athens"]
[Date "2022.12.05"]
[Round "4"]
[White "Delis, Georgios"]
[Black "Gkoutzouki, Aikaterini Argyro"]
[Result "1/2-1/2"]
[WhiteElo "1718"]
[BlackElo "1618"]
[PlyCount "61"]
[EventDate "2022.12.03"]
[EventType "tourn"]
[EventRounds "11"]
[EventCountry "GRE"]
[SourceTitle "CBM 211 Extra"]
[Source "ChessBase"]
[SourceDate "2023.01.31"]
[SourceVersion "1"]
[SourceVersionDate "2023.01.31"]
[SourceQuality "1"]

1. d4 d5 2. Nf3 e6 3. e3 Be7 4. Bd3 Nf6 5. Nbd2 0-0 6. 0-0 b6 7. b3 Bb7 8. Bb2 Nbd7 9. Ne5 Ne4 10. Nxd7 Qxd7 11. f3 Nxd2 12. Qxd2 c5 13. f4 f5 14. Qe2 Rac8 15. a4 Bf6 16. a5 Qc7 17. axb6 axb6 18. Ra7 Ra8 19. Rfa1 Rxa7 20. Rxa7 Ra8 21. Rxa8+ Bxa8 22. g4 g6 23. g5 Bg7 24. Bb5 Kf7 25. Qf1 cxd4 26. Qa1 Qb7 27. Bxd4 Bxd4 28. Qxd4 Kg8 29. Qf6 Qc8 30. Qe7 Bc6 31. Bd3 1/2-1/2

[Event "Rethymno op 5th"]
[Site "Rethymno"]
[Date "2013.07.31"]
[Round "5"]
[White "Soukos, Konstantinos"]
[Black "Delis, Georgios"]
[Result "1-0"]
[WhiteElo "2142"]
[BlackElo "1852"]
[PlyCount "102"]
[EventDate "2013.07.28"]
[EventType "swiss"]
[EventRounds "9"]
[EventCountry "GRE"]
[SourceTitle "CBM 155 Extra"]
[Source "ChessBase"]
[SourceDate "2013.08.26"]
[SourceVersion "1"]
[SourceVersionDate "2013.08.26"]
[SourceQuality "1"]

1. e4 c5 2. Nc3 g6 3. d4 Bg7 4. dxc5 Qa5 5. Bd2 Qxc5 6. Nd5 Bxb2 7. Bb4 Qd4 8. Rb1 Qxe4+ 9. Be2 Be5 10. Nf3 Nf6 11. Nxe7 a5 12. Ba3 Bc3+ 13. Kf1 Nc6 14. Rb3 Nxe7 15. Rxc3 Nfd5 16. Rc4 Qf5 17. Rd4 0-0 18. g4 Qf6 19. Rxd5 Nxd5 20. Bxf8 Nc3 21. Qd6 Qxd6 22. Bxd6 Nxe2 23. Kxe2 b5 24. Nd4 Bb7 25. f3 Rc8 26. Kd3 b4 27. Re1 Rc3+ 28. Kd2 f6 29. Re8+ Kg7 30. Re7+ Kg8 31. Rxd7 Bxf3 32. Nxf3 Rxf3 33. Ra7 Ra3 34. Bc7 Rxa2 35. Rxa5 b3 36. Rc5 Kf7 37. Rc3 bxc2 38. Rxc2 Ra4 39. h3 Ra3 40. Rc3 Rxc3 41. Kxc3 h5 42. gxh5 g5 43. Kd4 Kg7 44. Ke4 Kh6 45. Kf5 Kxh5 46. Bg3 Kh6 47. Kxf6 Kh5 48. Kf5 Kh6 49. Kg4 Kg6 50. Bf2 Kh6 51. Be3 Kg6 1-0

[Event "Rethymno op 5th"]
[Site "Rethymno"]
[Date "2013.07.28"]
[Round "1"]
[White "Delis, Georgios"]
[Black "Pap, Misa"]
[Result "0-1"]
[WhiteElo "1852"]
[BlackElo "2489"]
[PlyCount "54"]
[EventDate "2013.07.28"]
[EventType "swiss"]
[EventRounds "9"]
[EventCountry "GRE"]
[SourceTitle "CBM 155 Extra"]
[Source "ChessBase"]
[SourceDate "2013.08.26"]
[SourceVersion "1"]
[SourceVersionDate "2013.08.26"]
[SourceQuality "1"]

1. d4 f5 2. e4 fxe4 3. Nc3 Nf6 4. Bg5 e6 5. Nxe4 Be7 6. Ng3 c5 7. Bd3 cxd4 8. Bxf6 Bxf6 9. Qh5+ g6 10. Bxg6+ hxg6 11. Qxg6+ Ke7 12. 0-0-0 Qf8 13. Nf3 Qh6+ 14. Qxh6 Rxh6 15. Nxd4 d5 16. c3 Nc6 17. Nc2 Bg5+ 18. Kb1 Bd7 19. Rde1 Rf8 20. Ne3 Kd8 21. Ng4 Rh4 22. f3 Be7 23. Nf1 Rh5 24. Nge3 Bd6 25. h4 Ne5 26. Ng3 Rh7 27. Ne2 Rfh8 0-1

[Event "Paleochora op 3rd"]
[Site "Paleochora"]
[Date "2010.07.24"]
[Round "4"]
[White "Delis, Georgios"]
[Black "Goumas, Georgios"]
[Result "0-1"]
[WhiteElo "1934"]
[BlackElo "2298"]
[PlyCount "46"]
[EventDate "2010.07.22"]
[EventType "swiss"]
[EventRounds "9"]
[EventCountry "GRE"]
[SourceTitle "CBM 137 Extra"]
[Source "ChessBase"]
[SourceDate "2010.09.01"]
[SourceVersion "1"]
[SourceVersionDate "2010.09.01"]
[SourceQuality "1"]

1. g3 e5 2. c4 d6 3. Bg2 Be7 4. Nc3 f5 5. Nd5 Nf6 6. Nxe7 Qxe7 7. d3 0-0 8. e3 f4 9. Nf3 fxg3 10. hxg3 Bg4 11. Qc2 Nc6 12. 0-0 Nb4 13. Qd2 Nxd3 14. Nh2 e4 15. b3 Ne5 16. Nxg4 Nexg4 17. Bb2 Rae8 18. Rae1 Ne5 19. Bxe5 Qxe5 20. Qd4 Qh5 21. f3 Kh8 22. b4 Qg5 23. Kh2 Nh5 0-1

[Event "Athens Smaok op 5th"]
[Site "Athens"]
[Date "2010.04.13"]
[Round "4.11"]
[White "Angelopoulos, Georgios"]
[Black "Delis, Georgios"]
[Result "1-0"]
[WhiteElo "2087"]
[BlackElo "1947"]
[PlyCount "77"]
[EventDate "2010.03.16"]
[EventType "swiss"]
[EventRounds "7"]
[EventCountry "GRE"]
[SourceTitle "EXT 2024"]
[Source "ChessBase"]
[SourceDate "2023.10.10"]
[SourceVersion "1"]
[SourceVersionDate "2023.10.10"]
[SourceQuality "1"]

1. e4 c5 2. Nf3 e6 3. d4 cxd4 4. Nxd4 Nc6 5. Nc3 Qc7 6. Be3 a6 7. Qd2 Nf6 8. f3 Bb4 9. a3 Be7 10. g4 d6 11. g5 Nd7 12. f4 b5 13. Bh3 Nb6 14. b3 g6 15. f5 gxf5 16. exf5 Nd8 17. fxe6 fxe6 18. 0-0 Rg8 19. Bg4 d5 20. Bh5+ Kd7 21. Bf3 Bb7 22. Bg4 Rg6 23. Ne4 Kc8 24. Bf4 Qd7 25. Qc3+ Bc6 26. Nc5 Bxc5 27. Qxc5 Kb7 28. a4 Rc8 29. Nf3 Rg7 30. a5 Na8 31. Ne5 Qe7 32. Qd4 Be8 33. Be3 Nc6 34. Nxc6 Kxc6 35. c4 Rd8 36. cxb5+ axb5 37. Rac1+ Kd6 38. Qc5+ Ke5 39. Bf4+ 1-0

[Event "Athens Smaok op 4th"]
[Site "Athens"]
[Date "2010.02.02"]
[Round "4"]
[White "Delis, Georgios"]
[Black "Antoniadis, Konstantinos"]
[Result "1-0"]
[WhiteElo "1947"]
[BlackElo "1854"]
[PlyCount "70"]
[EventDate "2010.01.12"]
[EventType "swiss"]
[EventRounds "7"]
[EventCountry "GRE"]
[SourceTitle "EXT 2011"]
[Source "ChessBase"]
[SourceDate "2010.11.26"]
[SourceVersion "1"]
[SourceVersionDate "2010.11.26"]
[SourceQuality "1"]

1. d4 Nf6 2. c4 g6 3. Nc3 Bg7 4. e4 d6 5. f4 c5 6. d5 0-0 7. Nf3 Na6 8. Be2 Nc7 9. 0-0 Bd7 10. e5 Nfe8 11. Be3 b6 12. Bf2 Rb8 13. a4 Na6 14. Bh4 Bf5 15. h3 Nb4 16. g4 Bc8 17. Qd2 a6 18. Na2 a5 19. Nxb4 axb4 20. Bd3 Qc7 21. Bg3 e6 22. Be4 Bb7 23. Rad1 Rd8 24. Qg2 exd5 25. cxd5 c4 26. Rfe1 Ra8 27. Ra1 Qd7 28. Nd4 Rxa4 29. Kh2 Rxa1 30. Rxa1 dxe5 31. fxe5 Qe7 32. Nf3 Qc5 33. Bf2 Qb5 34. Rd1 Qa5 35. Rc1 Ba6 1-0

[Event "Panagiotis Apergis op"]
[Site "Ano Liosia"]
[Date "2007.05.15"]
[Round "7"]
[White "Agrapidis, Theodoros"]
[Black "Delis, Georgios"]
[Result "0-1"]
[WhiteElo "2011"]
[BlackElo "1899"]
[PlyCount "46"]
[EventDate "2007.04.24"]
[EventType "swiss"]
[EventRounds "7"]
[EventCountry "GRE"]
[SourceTitle "EXT 2008"]
[Source "ChessBase"]
[SourceDate "2007.11.25"]
[SourceVersion "1"]
[SourceVersionDate "2007.11.25"]
[SourceQuality "1"]

1. e4 c5 2. Nf3 e6 3. d4 cxd4 4. Nxd4 Nc6 5. c4 Nf6 6. Nc3 Bb4 7. f3 d5 8. cxd5 exd5 9. exd5 Qxd5 10. Bb5 0-0 11. Bxc6 bxc6 12. 0-0 Qc5 13. Nce2 Ba6 14. b3 Qd5 15. Be3 c5 16. a3 cxd4 17. axb4 Bxe2 18. Qxe2 Rfe8 19. Rfc1 Qxb3 20. Qb5 Qxe3+ 21. Kh1 d3 22. h3 d2 23. Rd1 Rac8 0-1

[Event "Panagiotis Apergis op"]
[Site "Ano Liosia"]
[Date "2007.05.08"]
[Round "5"]
[White "Kesoglou, Konstantinos"]
[Black "Delis, Georgios"]
[Result "0-1"]
[WhiteElo "2065"]
[BlackElo "1899"]
[PlyCount "84"]
[EventDate "2007.04.24"]
[EventType "swiss"]
[EventRounds "7"]
[EventCountry "GRE"]
[SourceTitle "EXT 2008"]
[Source "ChessBase"]
[SourceDate "2007.11.25"]
[SourceVersion "1"]
[SourceVersionDate "2007.11.25"]
[SourceQuality "1"]

1. e4 c5 2. Nc3 e6 3. g3 Nc6 4. Bg2 g6 5. d3 Bg7 6. f4 Nd4 7. Nf3 Ne7 8. 0-0 0-0 9. e5 d6 10. Ne4 dxe5 11. fxe5 Nxf3+ 12. Qxf3 Nc6 13. Nf6+ Kh8 14. Qe3 Qc7 15. Bxc6 Qxc6 16. Qf4 b6 17. Qh4 h5 18. Ne4 Bxe5 19. g4 Bd4+ 20. Kg2 Qd5 21. Bg5 Bb7 22. gxh5 gxh5 23. Qxh5+ Kg8 24. Rf3 Bg7 25. Raf1 f6 26. c4 Qe5 27. h4 fxg5 28. Qg6 Bxe4 29. dxe4 Rxf3 30. Rxf3 Rf8 31. Rg3 Qf6 32. Qh5 Qf2+ 33. Kh3 Qf1+ 34. Kg4 Qf4+ 35. Kh3 Qf1+ 36. Kg4 Qe2+ 37. Kxg5 Qxe4 38. Qg4 Rf5+ 39. Kg6 Rf4+ 40. Kh5 Rxg4 41. Rxg4 Qf3 42. Kg5 Qf5# 0-1

[Event "Panagiotis Apergis op"]
[Site "Ano Liosia"]
[Date "2007.04.27"]
[Round "2"]
[White "Delis, Georgios"]
[Black "Ilandzis, Spyridon"]
[Result "1/2-1/2"]
[WhiteElo "1899"]
[BlackElo "2182"]
[PlyCount "114"]
[EventDate "2007.04.24"]
[EventType "swiss"]
[EventRounds "7"]
[EventCountry "GRE"]
[SourceTitle "EXT 2008"]
[Source "ChessBase"]
[SourceDate "2007.11.25"]
[SourceVersion "1"]
[SourceVersionDate "2007.11.25"]
[SourceQuality "1"]

1. d4 Nf6 2. c4 e5 3. e3 Bb4+ 4. Nc3 exd4 5. exd4 0-0 6. Bd3 Re8+ 7. Nge2 d5 8. 0-0 dxc4 9. Bxc4 Bg4 10. Bxf7+ Kxf7 11. Qb3+ Re6 12. Nf4 Bd6 13. Nxe6 Bxe6 14. Qxb7 Nbd7 15. Nb5 Nb6 16. Nxd6+ Qxd6 17. Qf3 Nbd5 18. Bd2 Rb8 19. b3 Kg8 20. Rfe1 Bf7 21. Rac1 Bg6 22. Re5 Rf8 23. Qe2 Qa3 24. Qc4 Rd8 25. Bg5 Bf7 26. Qc2 Rd6 27. Rce1 h6 28. Bd2 Ra6 29. Ra1 Qd6 30. h3 Rc6 31. Qd3 Nb4 32. Bxb4 Qxb4 33. Qb5 Qxd4 34. Rae1 Rc2 35. R5e2 Rxe2 36. Qxe2 Bd5 37. Rd1 Qc5 38. Qa6 c6 39. Qc8+ Kf7 40. Qf5 Qc3 41. Qd3 Qxd3 42. Rxd3 Ne4 43. Rd4 Nc3 44. Rd2 Ke6 45. f3 a5 46. Kf2 a4 47. bxa4 Nxa4 48. Rd4 Nc3 49. a4 c5 50. Rg4 g5 51. a5 Ke5 52. a6 Nb5 53. h4 Be6 54. Ra4 Na7 55. hxg5 hxg5 56. Ke3 Bd5 57. g3 c4 1/2-1/2

[Event "Ambelokipi op 68th"]
[Site "Athens"]
[Date "2006.01.26"]
[Round "2"]
[White "Delis, Georgios"]
[Black "Tassopoulos, Marios"]
[Result "0-1"]
[WhiteElo "1944"]
[BlackElo "2235"]
[PlyCount "50"]
[EventDate "2006.01.29"]
[EventType "swiss"]
[EventRounds "6"]
[EventCountry "GRE"]
[SourceTitle "EXT 2007"]
[Source "ChessBase"]
[SourceDate "2006.11.23"]
[SourceVersion "1"]
[SourceVersionDate "2006.11.23"]
[SourceQuality "1"]

1. e4 c5 2. Nf3 Nc6 3. d4 cxd4 4. Nxd4 g6 5. Nxc6 bxc6 6. Qd4 Nf6 7. e5 Nd5 8. e6 Nf6 9. exf7+ Kxf7 10. Bd3 Bg7 11. 0-0 Qb6 12. Qh4 e5 13. c4 d5 14. cxd5 cxd5 15. Nd2 e4 16. Be2 Re8 17. Nb3 d4 18. Bc4+ Be6 19. Bxe6+ Rxe6 20. Bd2 a5 21. Rac1 a4 22. Nc5 Re5 23. Bg5 Rxc5 24. Rxc5 Qxc5 25. Bxf6 Bxf6 0-1

[Event "Ambelokipi op 68th"]
[Site "Athens"]
[Date "2006.01.23"]
[Round "1"]
[White "Sideris, Theodoros"]
[Black "Delis, Georgios"]
[Result "0-1"]
[WhiteElo "2064"]
[BlackElo "1944"]
[PlyCount "110"]
[EventDate "2006.01.29"]
[EventType "swiss"]
[EventRounds "6"]
[EventCountry "GRE"]
[SourceTitle "EXT 2007"]
[Source "ChessBase"]
[SourceDate "2006.11.23"]
[SourceVersion "1"]
[SourceVersionDate "2006.11.23"]
[SourceQuality "1"]

1. e4 c5 2. Nf3 d6 3. d4 cxd4 4. Nxd4 Nf6 5. Nc3 a6 6. Bc4 e6 7. Bb3 Be7 8. 0-0 0-0 9. a4 b6 10. Be3 Bb7 11. f3 Nbd7 12. Bxe6 fxe6 13. Nxe6 Qc8 14. Nxf8 Bxf8 15. Qe2 d5 16. exd5 Nxd5 17. Nxd5 Bxd5 18. b3 Qc6 19. Bd4 Nf6 20. c4 Bf7 21. Qf2 Rb8 22. Rac1 Nd7 23. Qg3 Rc8 24. f4 Qe4 25. Qe3 Nc5 26. Qxe4 Nxe4 27. Bxb6 Nd2 28. Rfd1 Nxb3 29. Rc3 Nc5 30. a5 Na4 31. Rc2 Nxb6 32. axb6 Bc5+ 33. Kf1 Bxb6 34. Rd6 Bxc4+ 35. Rxc4 Rxc4 36. Rxb6 Rxf4+ 37. Ke2 Rf6 38. Rb7 Rf7 39. Rb8+ Rf8 40. Rb7 Ra8 41. Kd2 a5 42. Kc3 a4 43. Rb2 Kf7 44. Rf2+ Ke6 45. Kb2 a3+ 46. Ka2 Ra7 47. Rf3 Ke5 48. h4 Ke4 49. Rg3 Kf4 50. Rb3 g6 51. Rc3 Kg4 52. Rh3 h5 53. Rh1 Kg3 54. Rd1 Ra6 55. Rd3+ Kxh4 0-1

[Event "Ambelokipi op 067th"]
[Site "Athens"]
[Date "2005.12.29"]
[Round "6"]
[White "Delis, Georgios"]
[Black "Sideris, Theodoros"]
[Result "0-1"]
[WhiteElo "1934"]
[BlackElo "2025"]
[PlyCount "108"]
[EventDate "2005.12.??"]
[EventType "swiss"]
[EventCountry "GRE"]
[SourceTitle "EXT 2024"]
[Source "ChessBase"]
[SourceDate "2023.10.10"]
[SourceVersion "1"]
[SourceVersionDate "2023.10.10"]
[SourceQuality "1"]

1. e4 c5 2. Nf3 Nc6 3. d4 cxd4 4. Nxd4 g6 5. c4 Bg7 6. Be3 Nf6 7. Nc3 0-0 8. Be2 d6 9. 0-0 Bd7 10. Qd2 Nxd4 11. Bxd4 Bc6 12. f3 a5 13. Rac1 Nd7 14. Bxg7 Kxg7 15. b3 Qb6+ 16. Kh1 a4 17. Qb2 a3 18. Qd2 Qb4 19. Qd4+ Kg8 20. Rfd1 Rfd8 21. Qd2 Nc5 22. Nb1 Qxd2 23. Nxd2 e5 24. b4 Ne6 25. b5 Nd4 26. Bf1 Be8 27. Rc3 f5 28. Nb3 Nxb3 29. Rxb3 fxe4 30. fxe4 Bf7 31. Rc3 Kf8 32. Kg1 Ke7 33. Re1 g5 34. g3 Bg6 35. Bg2 Rdc8 36. Rec1 Rc5 37. Kf2 b6 38. Ke3 Ra4 39. Bf1 Rc8 40. Bh3 Rca8 41. Bf5 Bf7 42. h3 h6 43. Bg4 Rf8 44. Be2 Be6 45. Bg4 Ra7 46. Bxe6 Kxe6 47. Kd3 Rf2 48. R1c2 Raf7 49. Re2 R7f3+ 50. Re3 Rxe3+ 51. Kxe3 Rxa2 52. Kf3 h5 53. Rb3 Ra1 54. Kf2 a2 0-1